000 00567cam a22002053a 4500
001 40879
003 PGUSA
005 20140828083920.0
008 120927s2012||||xxu|||||s|||||000 | eng d
040 _aPGUSA
_beng
042 _adc
100 1 _aMcAulay, Allan,
_d1863-
245 1 4 _aThe Affair at the Inn
_h[electronic resource] /
_cAllan McAulay
260 _bProject Gutenberg,
_c2012
506 _aPublic domain in the USA.
516 _aElectronic text
830 0 _aProject Gutenberg
_v40879
856 4 0 _uhttp://www.gutenberg.org/ebooks/40879
942 _cEB
999 _c270131
_d270131